[Event "Portugal tch 2012 - Fase final"]
[Site "Matosinhos POR"]
[Date "2012.06.22"]
[Round "2.4"]
[White "Garcia - Ortega Mendez, Jose M"]
[Black "Korneev, Oleg"]
[Result "0-1"]
[WhiteElo "2328"]
[BlackElo "2577"]
[PlyCount "84"]
[EventDate "2012.07.21"]
[EventType "team"]
[EventRounds "9"]
[EventCountry "POR"]
[Source "lmi"]
[SourceDate "2012.07.21"]

1. d4 d5 2. Nf3 Nf6 3. c4 e6 4. cxd5 exd5 5. Bg5 c6 6. Nc3 Be7 7. Qc2 g6 8. e3
Bf5 9. Bd3 Bxd3 10. Qxd3 O-O 11. Bxf6 Bxf6 12. h4 h6 13. h5 g5 14. Qf5 Bg7 15.
Ne2 Nd7 16. g4 Nb6 17. Ng3 Nc4 18. Qc2 Nd6 19. Nf5 Nxf5 20. Qxf5 Re8 21. O-O-O
Re6 22. Qd3 Re4 23. Nd2 Rxg4 24. Qe2 Qd7 25. f3 Rh4 26. Rxh4 gxh4 27. Rg1 Kh8
28. f4 Bf6 29. Kd1 Re8 30. Nf3 Qf5 31. Kd2 Rg8 32. Rxg8+ Kxg8 33. Nh2 Qb1 34.
Kc3 c5 35. Qg2+ Kf8 36. Qxd5 cxd4+ 37. exd4 Qe1+ 38. Kd3 Qg3+ 39. Nf3 h3 40.
Kc4 Qxf4 41. Qxb7 h2 42. Qc8+ Kg7 0-1

[Event "Portugal tch 2012 - Fase final"]
[Site "Matosinhos POR"]
[Date "2012.06.22"]
[Round "2.4"]
[White "Neves, Pedro"]
[Black "Pereira, Ruben"]
[Result "0-1"]
[WhiteElo "2244"]
[BlackElo "2417"]
[PlyCount "61"]
[EventDate "2012.07.21"]
[EventType "team"]
[EventRounds "9"]
[EventCountry "POR"]
[Source "lmi"]
[SourceDate "2012.07.21"]

1. Nf3 c5 2. g3 Nc6 3. c4 Nf6 4. Nc3 d5 5. cxd5 Nxd5 6. d3 Nxc3 7. bxc3 g6 8.
Bd2 Bg7 9. Bg2 O-O 10. O-O Bf5 11. Ng5 Qd7 12. Qb3 h6 13. Nf3 b6 14. Rfd1 Rac8
15. Rac1 c4 16. Qa3 cxd3 17. Be3 Rfd8 18. exd3 e5 19. Ne1 Na5 20. Qb2 Bg4 21.
Rd2 Qa4 22. Qc2 Qe8 23. h3 Bf5 24. Qd1 Bd7 25. Kh2 Bc6 26. Bxc6 Qxc6 27. f3 f5
28. Qe2 Kh7 29. Rdd1 Rd7 30. Qg2 Rcd8 31. Rd2 0-1

[Event "Portugal tch 2012 - Fase final"]
[Site "Matosinhos POR"]
[Date "2012.06.22"]
[Round "2.5"]
[White "Alvarez Fernandez, Enrique"]
[Black "Johannessen, Leif"]
[Result "1-0"]
[WhiteElo "2369"]
[BlackElo "2507"]
[PlyCount "81"]
[EventDate "2012.07.21"]
[EventType "team"]
[EventRounds "9"]
[EventCountry "POR"]
[Source "lmi"]
[SourceDate "2012.07.21"]

1. d4 Nf6 2. Nf3 d5 3. Bf4 c5 4. e3 Nc6 5. c3 Qb6 6. Qc2 g6 7. Nbd2 Bg7 8. h3
O-O 9. Be2 Nd7 10. Qb3 Qxb3 11. axb3 e5 12. dxe5 Ndxe5 13. Nxe5 Bxe5 14. Bxe5
Nxe5 15. Nf3 f6 16. b4 cxb4 17. cxb4 Bf5 18. Nd4 Bd3 19. Kd2 Bxe2 20. Kxe2 Rfc8
21. Rhc1 a6 22. b3 Kf7 23. Rxc8 Rxc8 24. Ra5 Nc6 25. Rxd5 Nxd4+ 26. Rxd4 Rc2+
27. Rd2 Rc7 28. Rd6 Rc2+ 29. Kf3 Rc3 30. Rd7+ Kg8 31. Rxb7 Rxb3 32. Rb6 Kf7 33.
g4 Rb2 34. h4 Ra2 35. Rb7+ Kg8 36. h5 gxh5 37. gxh5 h6 38. Kg3 a5 39. Ra7 a4
40. f4 a3 41. Kg4 1-0

[Event "Portugal tch 2012 - Fase final"]
[Site "Matosinhos POR"]
[Date "2012.06.22"]
[Round "2.5"]
[White "Diogo, Vasco"]
[Black "Andrade, José Manuel"]
[Result "1/2-1/2"]
[WhiteElo "2261"]
[BlackElo "2244"]
[PlyCount "124"]
[EventDate "2012.07.21"]
[EventType "team"]
[EventRounds "9"]
[EventCountry "POR"]
[Source "lmi"]
[SourceDate "2012.07.21"]

1. e4 e5 2. Nf3 Nc6 3. d4 exd4 4. Nxd4 Nf6 5. Nxc6 bxc6 6. e5 Qe7 7. Qe2 Nd5 8.
c4 Ba6 9. b3 Qh4 10. a3 Nf4 11. Qe4 Ng6 12. Qxh4 Nxh4 13. Bb2 c5 14. Nd2 Be7
15. g3 Nf5 16. Bg2 Rb8 17. O-O h5 18. Rfe1 Bb7 19. Bh3 Nh6 20. Rad1 Bc6 21. Bc3
O-O 22. f4 Ng4 23. Bf1 Rfe8 24. h3 Nh6 25. Bd3 g6 26. Bc2 Nf5 27. Kf2 Nd4 28.
Bxd4 cxd4 29. b4 a5 30. b5 Bb7 31. a4 Bb4 32. Re2 d6 33. Nb3 dxe5 34. fxe5 Rbd8
35. Be4 Bc8 36. Bd5 Bxh3 37. Rxd4 Bg4 38. Re3 Re7 39. Kg2 Kg7 40. Rf4 Bd1 41.
Rf1 Bxb3 42. Rxb3 Bc5 43. Rbf3 Rf8 44. Rf4 Bb6 45. R1f3 Rxe5 46. Rxf7+ Rxf7 47.
Rxf7+ Kh6 48. Rf6 Kg5 49. Rc6 Rf5 50. Kh3 Rf6 51. Be6 Kh6 52. g4 Bd4 53. gxh5
gxh5 54. c5 Bxc5 55. Rxc5 Rxe6 56. Rxc7 Re3+ 57. Kg2 Re4 58. Rc6+ Kh7 59. Rc5
Rxa4 60. b6 Rb4 61. Rxh5+ Kg6 62. Rxa5 Rxb6 1/2-1/2

[Event "Portugal tch 2012 - Fase final"]
[Site "Matosinhos POR"]
[Date "2012.06.22"]
[Round "2.5"]
[White "Leite, Catarina"]
[Black "Rodrigues, Afonso"]
[Result "1-0"]
[WhiteElo "2175"]
[BlackElo "2167"]
[PlyCount "61"]
[EventDate "2012.07.21"]
[EventType "team"]
[EventRounds "9"]
[EventCountry "POR"]
[Source "lmi"]
[SourceDate "2012.07.21"]

1. e4 g6 2. d4 Bg7 3. Nf3 c5 4. Be2 cxd4 5. Nxd4 Qb6 6. Nb5 a6 7. Be3 Qa5+ 8.
N5c3 Nf6 9. Nd2 b5 10. e5 Ng8 11. Nb3 Qd8 12. Nd5 Bb7 13. Bb6 Qc8 14. Nc7+ Kf8
15. Bf3 Nc6 16. Nc5 Bxe5 17. Nxd7+ Kg7 18. Nxe5 Nxe5 19. Nxa8 Nxf3+ 20. gxf3
Qxa8 21. Rg1 Bxf3 22. Qd2 Nf6 23. Rg3 Re8 24. Qe3 Bh5 25. f3 Nd5 26. Qe5+ Nf6
27. O-O-O Bxf3 28. Rf1 Qe4 29. Qc3 Bg4 30. Re3 Qg2 31. Rxf6 1-0

[Event "Portugal tch 2012 - Fase final"]
[Site "Matosinhos POR"]
[Date "2012.06.23"]
[Round "3.1"]
[White "Johannessen, Leif"]
[Black "Rocha, Sérgio"]
[Result "1-0"]
[WhiteElo "2507"]
[BlackElo "2404"]
[PlyCount "83"]
[EventDate "2012.07.21"]
[EventType "team"]
[EventRounds "9"]
[EventCountry "POR"]
[Source "lmi"]
[SourceDate "2012.07.21"]

1. Nf3 c5 2. c4 g6 3. g3 Bg7 4. Bg2 Nc6 5. O-O e5 6. Nc3 Nge7 7. Ne1 h5 8. h4
d6 9. d3 Be6 10. Nc2 Qd7 11. Ne3 g5 12. hxg5 h4 13. g4 Bxg4 14. Nxg4 Qxg4 15.
e4 Qd7 16. Kh2 Nd4 17. Bh3 Ne6 18. Nd5 Ng6 19. b4 cxb4 20. Rb1 Kf8 21. Rxb4 b6
22. f4 exf4 23. Bxf4 Re8 24. Be3 Qd8 25. Qg4 Be5+ 26. Kh1 Rh7 27. Rbb1 Nc7 28.
d4 Nxd5 29. cxd5 Bg3 30. Rbc1 Qe7 31. Qe6 Kg7 32. Qf6+ Kg8 33. Bf5 Rg7 34. Qxe7
Rxe7 35. e5 Kh7 36. Rc6 Rg8 37. Rxd6 Kg7 38. Rc6 Rd8 39. d6 Ree8 40. d7 Re7 41.
Bxg6 fxg6 42. e6 1-0

[Event "Portugal tch 2012 - Fase final"]
[Site "Matosinhos POR"]
[Date "2012.06.23"]
[Round "3.1"]
[White "Damaso, Rui"]
[Black "Dias, Paulo"]
[Result "1/2-1/2"]
[WhiteElo "2365"]
[BlackElo "2440"]
[PlyCount "35"]
[EventDate "2012.07.21"]
[EventType "team"]
[EventRounds "9"]
[EventCountry "POR"]
[Source "lmi"]
[SourceDate "2012.07.21"]

1. Nf3 Nf6 2. g3 d5 3. Bg2 e6 4. O-O Be7 5. c4 O-O 6. d4 c5 7. cxd5 exd5 8. Nc3
Nc6 9. Bg5 c4 10. Ne5 Be6 11. Nxc4 dxc4 12. Bxf6 Bxf6 13. d5 Bg4 14. dxc6 bxc6
15. Qc2 Rb8 16. Rab1 Qb6 17. Ne4 Bxb2 18. Ng5 1/2-1/2

[Event "Portugal tch 2012 - Fase final"]
[Site "Matosinhos POR"]
[Date "2012.06.23"]
[Round "3.1"]
[White "Andrade, José Manuel"]
[Black "Ulyanovskyy, Viktor"]
[Result "1/2-1/2"]
[WhiteElo "2244"]
[BlackElo "2290"]
[PlyCount "53"]
[EventDate "2012.07.21"]
[EventType "team"]
[EventRounds "9"]
[EventCountry "POR"]
[Source "lmi"]
[SourceDate "2012.07.21"]

1. e4 d5 2. exd5 Qxd5 3. d4 c6 4. c4 Qa5+ 5. Bd2 Qc7 6. Bc3 Nf6 7. Nd2 Bf5 8.
Ngf3 h6 9. Qe2 Nbd7 10. g3 e6 11. Bg2 Be7 12. O-O O-O 13. Rac1 Rfe8 14. Rfd1
Rad8 15. b4 a6 16. a4 Bf8 17. a5 b6 18. axb6 Qxb6 19. Ne5 Nb8 20. c5 Qc7 21.
Ndc4 Nd5 22. Na5 f6 23. Nec4 g5 24. Be1 Qf7 25. Ne3 Bg6 26. Nac4 Qh7 27. Ng4
1/2-1/2

[Event "Portugal tch 2012 - Fase final"]
[Site "Matosinhos POR"]
[Date "2012.06.23"]
[Round "3.1"]
[White "Ulyanovskyy, Volodimir"]
[Black "Leite, Catarina"]
[Result "0-1"]
[WhiteElo "2073"]
[BlackElo "2175"]
[PlyCount "80"]
[EventDate "2012.07.21"]
[EventType "team"]
[EventRounds "9"]
[EventCountry "POR"]
[Source "lmi"]
[SourceDate "2012.07.21"]

1. e4 e5 2. Nf3 Nc6 3. Bc4 Nf6 4. Nc3 Nxe4 5. Nxe4 d5 6. Bxd5 Qxd5 7. Nc3 Qd8
8. h3 Bc5 9. d3 O-O 10. O-O h6 11. Re1 f5 12. a3 a6 13. b4 Bd6 14. b5 Nd4 15.
Bb2 axb5 16. Nxe5 Bxe5 17. Rxe5 c6 18. Ne2 Ne6 19. Qd2 f4 20. f3 Rf7 21. Kh1
Bd7 22. Re1 Qh4 23. Ng1 Ng5 24. d4 Raf8 25. Bc3 Bf5 26. Bb4 Rd8 27. Re7 Rxe7
28. Rxe7 Ne6 29. Rxb7 Rxd4 30. Qe2 Qd8 31. Qe5 Qd5 32. Qb8+ Kh7 33. Bc3 Ra4 34.
Bb4 Bxc2 35. Qe8 c5 36. Qxb5 Qd4 37. Rd7 Qb2 38. Rd2 Rxa3 39. Rxc2 Qxb4 40.
Rxc5 Qxc5 0-1

[Event "Portugal tch 2012 - Fase final"]
[Site "Matosinhos POR"]
[Date "2012.06.23"]
[Round "3.2"]
[White "Korneev, Oleg"]
[Black "Alvarez Fernandez, Enrique"]
[Result "1/2-1/2"]
[WhiteElo "2577"]
[BlackElo "2369"]
[PlyCount "107"]
[EventDate "2012.07.21"]
[EventType "team"]
[EventRounds "9"]
[EventCountry "POR"]
[Source "lmi"]
[SourceDate "2012.07.21"]

1. e4 c5 2. Nf3 d6 3. d4 cxd4 4. Nxd4 e5 5. Bb5+ Bd7 6. Bxd7+ Qxd7 7. Ne2 Nf6
8. Nbc3 Qc6 9. Ng3 Nbd7 10. Bg5 g6 11. Qd3 h6 12. Bxf6 Nxf6 13. Nf1 Be7 14. Ne3
O-O 15. Ncd5 Rfe8 16. Nxf6+ Bxf6 17. Nd5 Bd8 18. O-O-O Rc8 19. Kb1 Qc4 20. f3
Qxd3 21. Rxd3 Rc6 22. Rb3 b6 23. Ra3 a5 24. Rc3 Rxc3 25. Nxc3 Kf8 26. Rd1 Be7
27. a4 Rc8 28. Nd5 Rc6 29. Rd3 Ke8 30. Rc3 Rxc3 31. Nxc3 Kd7 32. Nd5 Bd8 33. c3
Kc6 34. Kc2 f5 35. b4 f4 36. Kb3 h5 37. Kc4 Bh4 38. b5+ Kb7 39. Kd3 Bd8 40. g3
g5 41. Ke2 Kc8 42. Kf1 Kd7 43. Kg2 Ke8 44. h4 fxg3 45. hxg5 h4 46. g6 Kf8 47.
f4 exf4 48. Nxf4 Bf6 49. Ne6+ Kg8 50. c4 Bc3 51. Kh3 Be5 52. Kg2 Bc3 53. Kh3
Be5 54. Kg2 1/2-1/2

[Event "Portugal tch 2012 - Fase final"]
[Site "Matosinhos POR"]
[Date "2012.06.23"]
[Round "3.2"]
[White "Andres Gonzalez, Ivan"]
[Black "Ftácnik, Lubomír"]
[Result "0-1"]
[WhiteElo "2324"]
[BlackElo "2516"]
[PlyCount "104"]
[EventDate "2012.07.21"]
[EventType "team"]
[EventRounds "9"]
[EventCountry "POR"]
[Source "lmi"]
[SourceDate "2012.07.21"]

1. d4 Nf6 2. Nf3 g6 3. c4 Bg7 4. Nc3 d5 5. Qa4+ Bd7 6. Qb3 dxc4 7. Qxc4 O-O 8.
Bf4 Bf5 9. e3 c6 10. Qb3 Qb6 11. Bc4 Nbd7 12. O-O Qxb3 13. Bxb3 Rac8 14. Rac1
Nh5 15. Bg5 e5 16. dxe5 Nxe5 17. Nxe5 Bxe5 18. f3 Ng7 19. Rfd1 Be6 20. Bxe6
Nxe6 21. Be7 Rfe8 22. Rd7 Rc7 23. Rxc7 Bxc7 24. Bh4 Bb6 25. Bf2 Rd8 26. Rd1
Rxd1+ 27. Nxd1 f5 28. Kf1 Kf7 29. Ke2 h5 30. Bg3 Bd8 31. Bd6 Bf6 32. Kd3 Ke8
33. Kc2 a5 34. Nf2 Kd7 35. Bb8 c5 36. b3 Kc6 37. Kd3 b5 38. g4 c4+ 39. bxc4
Nc5+ 40. Kc2 bxc4 41. Ba7 Ne6 42. gxh5 gxh5 43. Bb8 Ng5 44. e4 Nxf3 45. exf5
Kd5 46. Bc7 Nd4+ 47. Kb1 a4 48. Nd1 Nxf5 49. Kc2 Nd4+ 50. Kc1 Nb5 51. Ne3+ Ke4
52. Bb6 Bg5 0-1

[Event "Portugal tch 2012 - Fase final"]
[Site "Matosinhos POR"]
[Date "2012.06.23"]
[Round "3.2"]
[White "Pereira, Ruben"]
[Black "Diogo, Vasco"]
[Result "0-1"]
[WhiteElo "2417"]
[BlackElo "2261"]
[PlyCount "50"]
[EventDate "2012.07.21"]
[EventType "team"]
[EventRounds "9"]
[EventCountry "POR"]
[Source "lmi"]
[SourceDate "2012.07.21"]

1. e4 c5 2. Nc3 d6 3. Nge2 Nf6 4. g3 h5 5. h3 e5 6. d3 Be7 7. Bg2 Nc6 8. Bg5
Be6 9. Qd2 Nd7 10. Be3 Nb6 11. f4 f6 12. a4 d5 13. exd5 Nxd5 14. Nxd5 Bxd5 15.
Nc3 Bxg2 16. Qxg2 Qd7 17. fxe5 Nxe5 18. Bf4 Qc6 19. Qxc6+ Nxc6 20. O-O-O Kf7
21. Rde1 Rad8 22. Re4 Bd6 23. Rhe1 Bxf4+ 24. Rxf4 b6 25. Ne4 Kg6 0-1

[Event "Portugal tch 2012 - Fase final"]
[Site "Matosinhos POR"]
[Date "2012.06.23"]
[Round "3.2"]
[White "Rodrigues, Afonso"]
[Black "Peña Gomez, Manuel"]
[Result "1/2-1/2"]
[WhiteElo "2167"]
[BlackElo "2408"]
[PlyCount "88"]
[EventDate "2012.07.21"]
[EventType "team"]
[EventRounds "9"]
[EventCountry "POR"]
[Source "lmi"]
[SourceDate "2012.07.21"]

1. d4 Nf6 2. Bf4 g6 3. e3 Bg7 4. Nf3 d6 5. Be2 Nfd7 6. c4 O-O 7. h3 e5 8. Bh2
Nc6 9. O-O f5 10. dxe5 dxe5 11. Nc3 Kh8 12. Nd5 a5 13. b3 Nc5 14. Qe1 Ne6 15.
Rd1 Qe8 16. Ng5 Nxg5 17. Nxc7 Qe7 18. Nxa8 f4 19. Nb6 Bxh3 20. Nd5 Qe6 21. exf4
exf4 22. Nxf4 Rxf4 23. Bxf4 Qe4 24. f3 Qxf4 25. gxh3 Be5 26. Rf2 Nd4 27. Kf1
Nxh3 28. Rd3 Nc2 29. Qd2 Qxd2 30. Rxd2 Ne3+ 31. Ke1 Bc3 32. Rh2 Nf4 33. Bf1 b6
34. Bh3 Kg7 35. Bc8 h5 36. Bd7 g5 37. Be8 g4 38. fxg4 hxg4 39. Rhf2 g3 40. Rxf4
Ng2+ 41. Kf1 Nxf4 42. Rd7+ Kh8 43. Rd8 Bf6 44. Rd2 Bc3 1/2-1/2

[Event "Portugal tch 2012 - Fase final"]
[Site "Matosinhos POR"]
[Date "2012.06.23"]
[Round "3.3"]
[White "Vasques, António"]
[Black "Garcia - Ortega Mendez, Jose M"]
[Result "1-0"]
[WhiteElo "2214"]
[BlackElo "2328"]
[PlyCount "121"]
[EventDate "2012.07.21"]
[EventType "team"]
[EventRounds "9"]
[EventCountry "POR"]
[Source "lmi"]
[SourceDate "2012.07.21"]

1. e4 e5 2. Nf3 Nc6 3. Bb5 a6 4. Ba4 Nf6 5. d3 d6 6. c3 Bd7 7. O-O g6 8. Re1
Bg7 9. Nbd2 O-O 10. Nf1 h6 11. Ng3 Kh7 12. h3 Qe7 13. Be3 Rae8 14. Bc2 Ng8 15.
d4 Kh8 16. Qd2 Rd8 17. Rad1 Bc8 18. b3 f5 19. exf5 gxf5 20. Nh5 Qf7 21. Nxg7
Qxg7 22. dxe5 dxe5 23. Qe2 e4 24. Nh4 Nge7 25. Qh5 Rxd1 26. Rxd1 f4 27. Bc5 Qg5
28. Qxg5 hxg5 29. Bxe4 Re8 30. Bxe7 Nxe7 31. Ng6+ Kg7 32. Nxe7 Rxe7 33. f3 b6
34. Kf2 Be6 35. Rd4 Kf6 36. Bc6 Bf5 37. Be4 Be6 38. Bd3 a5 39. h4 Bf7 40. Bb5
Re5 41. Bc4 Bxc4 42. Rxc4 c5 43. Re4 Rd5 44. Ke2 Rd6 45. a4 Kf5 46. hxg5 Kxg5
47. b4 cxb4 48. cxb4 axb4 49. Rxb4 Rc6 50. Kf2 Rc2+ 51. Kg1 Rc6 52. Kh2 Rh6+
53. Kg1 Rc6 54. Rb5+ Kh4 55. Kh2 Rf6 56. Re5 Rf7 57. Re6 Ra7 58. Rxb6 Rxa4 59.
Rg6 Kh5 60. Rg4 Rb4 61. Kh3 1-0

[Event "Portugal tch 2012 - Fase final"]
[Site "Matosinhos POR"]
[Date "2012.06.23"]
[Round "3.3"]
[White "Cabezas Ayala, Iván"]
[Black "Teixeira, Rafael"]
[Result "1-0"]
[WhiteElo "2310"]
[BlackElo "2107"]
[PlyCount "51"]
[EventDate "2012.07.21"]
[EventType "team"]
[EventRounds "9"]
[EventCountry "POR"]
[Source "lmi"]
[SourceDate "2012.07.21"]

1. e4 c5 2. Nf3 d6 3. d4 cxd4 4. Nxd4 Nf6 5. Nc3 g6 6. Be3 Bg7 7. f3 O-O 8. Qd2
Nc6 9. O-O-O d5 10. exd5 Nxd5 11. Nxc6 bxc6 12. Bd4 e5 13. Bc5 Be6 14. Ne4 Re8
15. h4 Nf4 16. Qxd8 Rexd8 17. Rxd8+ Rxd8 18. Be7 Rd4 19. b3 Nh5 20. g4 f5 21.
Ng5 Ng3 22. Nxe6 Nxh1 23. Nxd4 exd4 24. Bc4+ Kh8 25. gxf5 gxf5 26. Bc5 1-0

[Event "Portugal tch 2012 - Fase final"]
[Site "Matosinhos POR"]
[Date "2012.06.23"]
[Round "3.3"]
[White "Sousa, Ricardo"]
[Black "Neves, Pedro"]
[Result "0-1"]
[WhiteElo "2101"]
[BlackElo "2244"]
[PlyCount "120"]
[EventDate "2012.07.21"]
[EventType "team"]
[EventRounds "9"]
[EventCountry "POR"]
[Source "lmi"]
[SourceDate "2012.07.21"]

1. Nf3 c5 2. g3 Nc6 3. Bg2 d5 4. O-O e5 5. d3 f6 6. Nbd2 Be6 7. e4 d4 8. a4 Qd7
9. Nc4 Nge7 10. Bd2 O-O-O 11. Qb1 g5 12. Qa2 Kb8 13. Qb3 Nc8 14. a5 Nd6 15. Qa4
Nxc4 16. dxc4 Be7 17. Ne1 h5 18. f3 g4 19. f4 h4 20. f5 Bf7 21. Nd3 Qc7 22.
Rfb1 Ka8 23. Kf2 Nb8 24. b3 Na6 25. Qa3 Qc6 26. Re1 Bf8 27. Qc1 Nc7 28. Ra2 Ne8
29. Qa3 Rc8 30. Qc1 Nd6 31. Qd1 h3 32. Bh1 Rg8 33. Qe2 Qa6 34. Kg1 Nxc4 35.
bxc4 Bxc4 36. Rb2 Bf7 37. Nf2 Qxe2 38. Rxe2 c4 39. Rb1 c3 40. Bc1 Bc4 41. Re1
Ba6 42. Ra1 Bb5 43. Ba3 Bxa3 44. Rxa3 Rc5 45. Raa1 Kb8 46. Bf3 gxf3 47. Nxh3 d3
48. cxd3 Bxd3 49. Nf2 Be2 50. g4 b5 51. axb6 axb6 52. Rec1 b5 53. Rab1 Kb7 54.
h3 Kb6 55. Rb3 Rc4 56. Rcxc3 Rxc3 57. Rxc3 b4 58. Rc2 Kb5 59. h4 b3 60. Rc7 Ka5
0-1

[Event "Portugal tch 2012 - Fase final"]
[Site "Matosinhos POR"]
[Date "2012.06.23"]
[Round "3.3"]
[White "Cruz, Jorge"]
[Black "Parreira, André"]
[Result "0-1"]
[WhiteElo "2082"]
[BlackElo "1786"]
[PlyCount "72"]
[EventDate "2012.07.21"]
[EventType "team"]
[EventRounds "9"]
[EventCountry "POR"]
[Source "lmi"]
[SourceDate "2012.07.21"]

1. e4 c5 2. Nf3 Nc6 3. Bb5 Nd4 4. Nxd4 cxd4 5. O-O g6 6. d3 Bg7 7. Re1 a6 8.
Ba4 e6 9. c3 Ne7 10. Bg5 Qa5 11. Bxe7 Kxe7 12. cxd4 Bxd4 13. Re2 b5 14. Bb3 Bb7
15. Nc3 Rhc8 16. Rc2 Bxc3 17. bxc3 Rxc3 18. Qe1 Rac8 19. Rd1 Rxd3 20. Rcd2 Rc1
21. Rxc1 Qxd2 22. Qxd2 Rxd2 23. f3 Bc6 24. Kf1 a5 25. Rc2 Rxc2 26. Bxc2 Kd6 27.
Ke2 Kc5 28. a3 Kd4 29. Kd2 d5 30. exd5 Bxd5 31. Bd3 b4 32. axb4 axb4 33. Bb1 e5
34. Bc2 b3 35. Bd1 b2 36. Kc2 Bb3+ 0-1

[Event "Portugal tch 2012 - Fase final"]
[Site "Matosinhos POR"]
[Date "2012.06.23"]
[Round "3.4"]
[White "Appel, Ralf"]
[Black "Strikovic, Aleksa"]
[Result "1/2-1/2"]
[WhiteElo "2535"]
[BlackElo "2559"]
[PlyCount "141"]
[EventDate "2012.07.21"]
[EventType "team"]
[EventRounds "9"]
[EventCountry "POR"]
[Source "lmi"]
[SourceDate "2012.07.21"]

1. Nf3 d6 2. d4 Nf6 3. c4 g6 4. Nc3 Bg7 5. g3 O-O 6. Bg2 c6 7. O-O Qa5 8. Qc2
Qa6 9. b3 b5 10. cxb5 cxb5 11. b4 Bb7 12. Bg5 Nbd7 13. Qd3 Rac8 14. a4 bxa4 15.
b5 Qa5 16. Bd2 e5 17. Nxa4 Qd8 18. Qa3 Ne4 19. Be3 Qc7 20. dxe5 Nxe5 21. Nxe5
Bxe5 22. Rab1 Qa5 23. Qb4 Qxb4 24. Rxb4 f5 25. Bxa7 Rc2 26. Bf3 Rf7 27. Bd4
Bxd4 28. Rxd4 Nc5 29. Nb6 Bxf3 30. exf3 Rb7 31. Rxd6 Rb2 32. Rc6 Rxb5 33. Nc4
Rd7 34. Nd6 Ra5 35. Nc4 Rb5 36. Ra1 Nb3 37. Ra8+ Kg7 38. f4 Rc5 39. Rd6 Rcc7
40. Rxd7+ Rxd7 41. Ne5 Rc7 42. Rd8 Nc5 43. f3 Ne6 44. Rd6 Rc1+ 45. Kf2 Kf6 46.
Nc6 Kf7 47. Rd7+ Kf8 48. Ne5 Rc7 49. Rd6 Ke7 50. Rd2 Nd8 51. Re2 Kf6 52. Ra2
Nf7 53. Ra6+ Ke7 54. Ke3 Nd6 55. h4 Ne8 56. Kd4 Nf6 57. Nc6+ Kf7 58. Ne5+ Ke7
59. g4 fxg4 60. fxg4 Rc1 61. g5 Rd1+ 62. Nd3 Nd7 63. Ra7 Kd6 64. Ke4 Rh1 65.
Ra6+ Ke7 66. Ra7 Kd6 67. Kf3 Rh3+ 68. Ke4 Rxh4 69. Nf2 Nc5+ 70. Kf3 h6 71. gxh6
1/2-1/2

[Event "Portugal tch 2012 - Fase final"]
[Site "Matosinhos POR"]
[Date "2012.06.23"]
[Round "3.4"]
[White "Hammes, Michael"]
[Black "Fernando, Diogo"]
[Result "0-1"]
[WhiteElo "2377"]
[BlackElo "2469"]
[PlyCount "194"]
[EventDate "2012.07.21"]
[EventType "team"]
[EventRounds "9"]
[EventCountry "POR"]
[Source "lmi"]
[SourceDate "2012.07.21"]

1. d4 Nf6 2. c4 e6 3. Nf3 b6 4. g3 Ba6 5. b3 Bb7 6. Bg2 Bb4+ 7. Bd2 a5 8. O-O
O-O 9. a3 Be7 10. Nc3 d5 11. cxd5 exd5 12. Ne5 Na6 13. Bc1 c5 14. Bb2 Nc7 15.
Rc1 Bd6 16. Nc4 dxc4 17. Bxb7 Rb8 18. Bg2 cxb3 19. a4 Qe7 20. e3 b5 21. dxc5
Bxc5 22. axb5 Nxb5 23. Qxb3 Nxc3 24. Qxc3 Bb4 25. Qc2 Rfd8 26. Bd4 h6 27. Qf5
Qd7 28. Qf3 Qe6 29. Ra1 Rbc8 30. h3 Nd5 31. h4 Ne7 32. Kh2 Nf5 33. Bh3 Nxd4 34.
exd4 Qc6 35. d5 Qc3 36. Qd1 Rc4 37. Bg2 Qe5 38. Kg1 g6 39. Ra2 Re8 40. Bf3 Rd4
41. Qc1 Qf5 42. Bg2 h5 43. Qa1 Rd3 44. Qb1 Kh7 45. Kh2 Re5 46. Bh3 Qe4 47. Bg2
Qd4 48. Qa1 Qxa1 49. Rfxa1 Re1 50. Rxe1 Bxe1 51. Kg1 Bb4 52. Kf1 Kg7 53. Ke2
Rd4 54. Ke3 Rd1 55. Bf3 Re1+ 56. Kd4 Kf6 57. Kc4 Rc1+ 58. Kd4 Ke7 59. Be4 Kd6
60. Bg2 Rc7 61. Bf3 Bc5+ 62. Kd3 Ra7 63. Bd1 Kxd5 64. Bb3+ Kd6 65. Ba4 Rc7 66.
Ke4 Rb7 67. Kf4 Bxf2 68. Rxf2 Rb4+ 69. Ke3 Rxa4 70. Rxf7 Rg4 71. Rf3 Kc5 72.
Kd2 a4 73. Kc3 Rb4 74. Kc2 Rb3 75. Rf4 Rxg3 76. Rxa4 Rg4 77. Ra6 Kd4 78. Kd2
Rg2+ 79. Ke1 Ke3 80. Kf1 Rg4 81. Rb6 Kf3 82. Rb3+ Kf4 83. Kf2 Rxh4 84. Rb4+ Kg5
85. Rb5+ Kh6 86. Kg3 Ra4 87. Rb3 h4+ 88. Kh3 Kh5 89. Rb8 Ra3+ 90. Kh2 g5 91.
Rc8 Ra2+ 92. Kg1 h3 93. Rh8+ Kg4 94. Rb8 Kh4 95. Rb7 g4 96. Rb8 Ra1+ 97. Kf2
g3+ 0-1

[Event "Portugal tch 2012 - Fase final"]
[Site "Matosinhos POR"]
[Date "2012.06.23"]
[Round "3.5"]
[White "Gonzalez Perez, Arian"]
[Black "Spraggett, Kevin"]
[Result "1-0"]
[WhiteElo "2452"]
[BlackElo "2595"]
[PlyCount "175"]
[EventDate "2012.07.21"]
[EventType "team"]
[EventRounds "9"]
[EventCountry "POR"]
[Source "lmi"]
[SourceDate "2012.07.21"]

1. d4 f5 2. Bg5 g6 3. Nd2 Bg7 4. e4 fxe4 5. Nxe4 d5 6. Nc5 b6 7. Nb3 Nh6 8. Nf3
Nf7 9. Bh4 O-O 10. Be2 a5 11. O-O Nd7 12. Re1 Nf6 13. Bd3 a4 14. Nbd2 a3 15. b3
c5 16. Qe2 e6 17. c4 Qc7 18. Rac1 Qa7 19. dxc5 bxc5 20. Bxf6 Bxf6 21. cxd5 exd5
22. Qe3 c4 23. bxc4 Qxe3 24. Rxe3 dxc4 25. Bxc4 Kg7 26. Bb3 Ra7 27. h3 Nd6 28.
Rd3 Nf5 29. Ne4 Bb2 30. Rcd1 Re7 31. Nc5 Rc7 32. Ne6+ Bxe6 33. Bxe6 Ne7 34. Bb3
Rc1 35. Rxc1 Bxc1 36. Nd4 Rb8 37. Ne6+ Kf6 38. Rf3+ Ke5 39. Nc5 Kd4 40. Rd3+
Kxc5 41. Rc3+ Kd6 42. Rxc1 Nc6 43. Rd1+ Ke5 44. Rd3 Nd4 45. Ba4 Rb1+ 46. Kh2
Rb2 47. Rxa3 Rxf2 48. Bd1 Rd2 49. Bg4 h5 50. Bc8 Rc2 51. Ra8 Ne2 52. Ba6 Nd4
53. Bd3 Rd2 54. Bxg6 h4 55. Bh5 Nf5 56. Bf3 Nd4 57. Bg4 Rb2 58. Re8+ Kf4 59.
Rh8 Rxa2 60. Rxh4 Kg5 61. Rh5+ Kf4 62. Rd5 Rd2 63. Ra5 Nc2 64. Ra4+ Rd4 65. Ra8
Ne3 66. Rf8+ Kg5 67. Rg8+ Kf4 68. Rf8+ Kg5 69. Bf3 Rd2 70. Re8 Nf5 71. Re5 Kf4
72. Re4+ Kg5 73. Rg4+ Kf6 74. h4 Rd4 75. Rxd4 Nxd4 76. Be4 Ke5 77. Bd3 Ne6 78.
g3 Nf4 79. Bc4 Kf5 80. Bb5 Nh5 81. Bd3+ Kf6 82. g4 Nf4 83. Bc4 Ke5 84. Kg3 Nh5+
85. Kf3 Nf4 86. Bf7 Nd3 87. Bg6 Ne1+ 88. Kg3 1-0

[Event "Portugal tch 2012 - Fase final"]
[Site "Matosinhos POR"]
[Date "2012.06.23"]
[Round "3.5"]
[White "Kolosowski, Mateusz"]
[Black "Ferreira, Jorge"]
[Result "1/2-1/2"]
[WhiteElo "2413"]
[BlackElo "2338"]
[PlyCount "88"]
[EventDate "2012.07.21"]
[EventType "team"]
[EventRounds "9"]
[EventCountry "POR"]
[Source "lmi"]
[SourceDate "2012.07.21"]

1. e4 c5 2. Nf3 d6 3. d4 Nf6 4. Nc3 cxd4 5. Nxd4 g6 6. Be2 Bg7 7. O-O O-O 8.
Be3 Nc6 9. Nb3 Be6 10. f4 Rc8 11. Bf3 Bc4 12. Rf2 b5 13. Rd2 b4 14. Ne2 Qc7 15.
Ned4 Nxd4 16. Nxd4 e5 17. Nb3 Bh6 18. Rxd6 Rfd8 19. Rxd8+ Rxd8 20. Qe1 exf4 21.
Bf2 a5 22. c3 Bf8 23. Bh4 Be7 24. Nd4 bxc3 25. bxc3 Qe5 26. Kh1 Rc8 27. g3 fxg3
28. Bxg3 Qg5 29. Bh4 Qe5 30. Bg3 Qg5 31. Bh4 Qc5 32. Qg3 Nd7 33. Bxe7 Qxe7 34.
Nf5 Qf6 35. Nd6 Rc5 36. Rd1 Be6 37. c4 Rg5 38. Ne8 Qc3 39. Qf4 Qe5 40. Qe3 Bg4
41. Rd5 Qa1+ 42. Rd1 Qe5 43. Rd5 Qa1+ 44. Rd1 Qe5 1/2-1/2